Hojas de mi otoño (Record no. 88342)

MARC details
000 -LEADER
campo de control de longitud fija 00478nam a2200157 i 4500
001 - NÚMERO DE CONTROL
campo de control 88342
003 - IDENTIFICADOR DE NÚMERO DE CONTROL
campo de control ES-MaACL
005 - FECHA Y HORA DE LA ÚLTIMA TRANSACCIÓN
campo de control 20230906175837.0
007 - CAMPO FIJO DE DESCRIPCIÓN FÍSICA--INFORMACIÓN GENERAL
campo de control de longitud fija t|
008 - DATOS DE LONGITUD FIJA--INFORMACIÓN GENERAL
campo de control de longitud fija 050104s1959 sp ||||1| spa d
100 1# - ENTRADA PRINCIPAL--NOMBRE DE PERSONA
Nombre de persona Laínez Ros, José.
9 (RLIN) 69692
245 10 - MENCIÓN DEL TÍTULO
Título Hojas de mi otoño
Resto del título : poemas breves, escritos varios /
Mención de responsabilidad, etc. José Laínez Ros.
260 ## - PUBLICACIÓN, DISTRIBUCIÓN, ETC.
Lugar de publicación, distribución, etc. Ponferrada :
Nombre del editor, distribuidor, etc. [s.n.,
Fecha de publicación, distribución, etc. 1959] (
Fabricante Gráf. Andrés Martín)
300 ## - DESCRIPCIÓN FÍSICA
Extensión 107 p. ;
Dimensiones 22 cm.
852 ## - LOCALIZACIÓN
Ubicación ES-MaACL
Número de control de estantería C-17546
Sublocalización o colección R.44073
Holdings
Estatus retirado Estado de pérdida Estado de daño No para préstamo Biblioteca de origen Biblioteca actual Ubicación en estantería Fecha de adquisición Fuente de adquisición Total de préstamos Signatura topográfica completa Código de barras Visto por última vez Precio de reemplazo Tipo de ítem Koha
        Biblioteca del Ateneo de Madrid Biblioteca del Ateneo de Madrid Galería 17/01/2008     C-17546 1092282 23/02/2023 23/02/2023 Libro impreso